Effect of iverpac on nematodes of cattle in beong touk commune, teuk chhou district, kampot province, ប្រសិទ្ធភាព Iverpac លើ Nematodes ក្នុងក្រពះពោះវៀនគោ នៅឃុំបឹងទតូក ស្រុកទឹកឈូ ខេត្តកំពត (Record no. 7532)

000 -LEADER
fixed length control field 00701nam a22001337a 4500
040 ## - CATALOGING SOURCE
Transcribing agency RUA
082 ## - DEWEY DECIMAL CLASSIFICATION NUMBER
Classification number VEM IV 2014 B459 Or.1
100 ## - MAIN ENTRY--AUTHOR NAME
Personal name IV VICHETH ; អ៊ីុវ វិចិត្រ
245 ## - TITLE STATEMENT
Title Effect of iverpac on nematodes of cattle in beong touk commune, teuk chhou district, kampot province, ប្រសិទ្ធភាព Iverpac លើ Nematodes ក្នុងក្រពះពោះវៀនគោ នៅឃុំបឹងទតូក ស្រុកទឹកឈូ ខេត្តកំពត
260 ## - PUBLICATION, DISTRIBUTION, ETC. (IMPRINT)
Place of publication Phnom Penh
Name of publisher RUA
Year of publication 2014
300 ## - PHYSICAL DESCRIPTION
Number of Pages xi ;47p.
Other physical details ill.
Dimensions 29cm.
856 ## - ELECTRONIC LOCATION AND ACCESS
Uniform Resource Identifier https://drive.google.com/file/d/1_qUmRiD0sc23GCrQeUiEG6LGdXFGfjil/view?usp=sharing
942 ## - ADDED ENTRY ELEMENTS (KOHA)
Koha item type VEM
952 ## - LOCATION AND ITEM INFORMATION (KOHA)
Withdrawn status [LOCAL, KOHA] 0
952 ## - LOCATION AND ITEM INFORMATION (KOHA)
Withdrawn status [LOCAL, KOHA] 0
952 ## - LOCATION AND ITEM INFORMATION (KOHA)
Withdrawn status [LOCAL, KOHA] 0
952 ## - LOCATION AND ITEM INFORMATION (KOHA)
Withdrawn status [LOCAL, KOHA] 0
952 ## - LOCATION AND ITEM INFORMATION (KOHA)
Withdrawn status [LOCAL, KOHA] 0
952 ## - LOCATION AND ITEM INFORMATION (KOHA)
Withdrawn status [LOCAL, KOHA] 0
952 ## - LOCATION AND ITEM INFORMATION (KOHA)
Withdrawn status [LOCAL, KOHA] 0
952 ## - LOCATION AND ITEM INFORMATION (KOHA)
Withdrawn status [LOCAL, KOHA] 0
Holdings
Permanent Location Date acquired Koha item type Lost status Shelving location Barcode Current Location Full call number
Library Block B2016-03-10VEM B459RUA056925Library Block BVEM IV 2014 B459 Or.1
Library Block B2016-03-10VEM B459RUA056062Library Block BVEM IV 2014 B459 Or.2
Library Block B2016-03-10VEM B459RUA056034Library Block BVEM IV 2014 B459 Or.3
Library Block B2016-03-10VEM B459RUA056261Library Block BVEM IV 2014 B459 Or.4
Library Block B2016-03-10VEM B459RUA055621Library Block BVEM IV 2014 B459 Or.5
Library Block B2016-03-10VEM B459RUA056907Library Block BVEM IV 2014 B459 Or.6
Library Block B2016-03-10VEM B459RUA055918Library Block BVEM IV 2014 B459 Or.7
Library Block B2016-03-10VEM B459RUA056913Library Block BVEM IV 2014 B459 Or.8
មជ្ឈមណ្ឌលឯការនៃសាកលវិទ្យាល័យភូមិន្ទកសិកម្មចំការដូង

Powered by Koha